000 00666nam a22002417a 4500
001 91510
003 UA-OsUOA
005 20210504195024.0
007 ta
008 20121129b un ||||| |||| 00| 0 ukr d
020 _a5-308-00209-6
040 _aUA-OsUOA
_brus
_cUA-OsUOA
_dUA-OsUOA
041 _arus
080 _a821.161.2
090 _a821.161.2
_bС 77
100 _aСтарицкий М.
245 _aРазбойник Кармелюк
_bисторический роман
260 _aК.
_bДніпро
_c1988
300 _a687 с.
650 7 _a82 Література. Літературознавство
_2UDC
942 _cBK
_2udc
955 _a3
999 _c377776
_d377776